<?xml version="1.0" encoding="UTF-8"?><?xml-stylesheet type="text/xsl" href="static/style.xsl"?><OAI-PMH xmlns="http://www.openarchives.org/OAI/2.0/" xmlns:xsi="http://www.w3.org/2001/XMLSchema-instance" xsi:schemaLocation="http://www.openarchives.org/OAI/2.0/ http://www.openarchives.org/OAI/2.0/OAI-PMH.xsd"><responseDate>2026-04-13T01:55:10Z</responseDate><request verb="GetRecord" identifier="oai:www.recercat.cat:2445/22692" metadataPrefix="marc">https://recercat.cat/oai/request</request><GetRecord><record><header><identifier>oai:recercat.cat:2445/22692</identifier><datestamp>2025-12-05T10:13:23Z</datestamp><setSpec>com_2072_1057</setSpec><setSpec>col_2072_478856</setSpec><setSpec>col_2072_478917</setSpec></header><metadata><record xmlns="http://www.loc.gov/MARC21/slim" xmlns:dcterms="http://purl.org/dc/terms/" xmlns:xsi="http://www.w3.org/2001/XMLSchema-instance" xmlns:doc="http://www.lyncode.com/xoai" xsi:schemaLocation="http://www.loc.gov/MARC21/slim http://www.loc.gov/standards/marcxml/schema/MARC21slim.xsd">
   <leader>00925njm 22002777a 4500</leader>
   <datafield ind2=" " ind1=" " tag="042">
      <subfield code="a">dc</subfield>
   </datafield>
   <datafield ind2=" " ind1=" " tag="720">
      <subfield code="a">Sudrià, Carles, 1953-</subfield>
      <subfield code="e">author</subfield>
   </datafield>
   <datafield ind2=" " ind1=" " tag="260">
      <subfield code="c">2012-03-14T09:23:00Z</subfield>
   </datafield>
   <datafield ind2=" " ind1=" " tag="260">
      <subfield code="c">2012-03-14T09:23:00Z</subfield>
   </datafield>
   <datafield ind2=" " ind1=" " tag="260">
      <subfield code="c">1995</subfield>
   </datafield>
   <datafield ind2=" " ind1=" " tag="520">
      <subfield code="a">El que voldria exposar en aquesta ocasió són unes primeres reflexions sobre un treball d'investigació col·lectiu d'ampli abast que estem duent a terme en el Departament d'història Econòmica de la Universitat de Barcelona. Un treball que fa gairebé sis anys que va començar i en el qual participo juntament amb Jordi Nadal, Pere Pascual i Àlex Sànchez del propi. Departament- i amb Xavier Tafunell i Lluís Castañeda de la Universitat Pompeu Fabra i de I'Institut Universitari Europeu, respectivament. També vull fer constar el paper molt destacat que hi ha tingut Francesc Valls que ha estat una cosa així com el director general d'informàtica i recursos.</subfield>
   </datafield>
   <datafield tag="653" ind2=" " ind1=" ">
      <subfield code="a">Història econòmica</subfield>
   </datafield>
   <datafield tag="653" ind2=" " ind1=" ">
      <subfield code="a">Capitalisme</subfield>
   </datafield>
   <datafield tag="653" ind2=" " ind1=" ">
      <subfield code="a">Economic history</subfield>
   </datafield>
   <datafield tag="653" ind2=" " ind1=" ">
      <subfield code="a">Capitalism</subfield>
   </datafield>
   <datafield ind2="0" ind1="0" tag="245">
      <subfield code="a">Capitalistes i fabricants. El finançament de la industrialització catalana (1815-1866) - [Conferència inaugural del curs 1993-1994]</subfield>
   </datafield>
</record></metadata></record></GetRecord></OAI-PMH>